| 000 | 00481nam a2200157 4500 | ||
|---|---|---|---|
| 001 | 138034 | ||
| 003 | ES-MaACL | ||
| 005 | 20230906195506.0 | ||
| 007 | t| | ||
| 008 | 070214s1962 sp r ||||1| spa d | ||
| 100 | 1 |
_aSánchez Luis, Vicente. _9102738 |
|
| 245 | 1 | 3 |
_aLa moral católica _b: 5º curso de Bachillerato / _cpor el R. P. Vicente Sánchez Luis, S. M. |
| 260 |
_aMadrid : _bS. M., _c1962. |
||
| 300 |
_a217 p. : _bil. ; _c22 cm. |
||
| 852 |
_aES-MaACL _jC-22003 _bR.50418 |
||
| 999 |
_c138034 _d138034 |
||